000 00799nam a22001337a 4500
040 _cRUA
082 _aAED SRE 2010 B249 Or.1
100 _aSREY VANNA; ស្រី វណ្ណា
245 _aThe study on living standard of business palm tree in preah nipean commune, kong pisey district, kampong speu province, ការសិក្សាពីកម្រិតជីវភាពរស់នៅរបស់ប្រជាជនលើមុខរបរឡើងត្នោត​ នៅឃុំព្រះនិព្វាន ស្រុកគងពិសី ខេត្តកំពង់ស្ពឺ.
260 _aPhnom Penh
_bRUA
_c2010
300 _aix; 45p.
_bill.
_c29cm.
856 _uhttps://drive.google.com/file/d/1pvsYk32UrcDwarxDs_gde0KVoh5JN_AA/view?usp=sharing
942 _cAED
999 _c4840
_d4840